000 00320nam a2200121 i 4500
001 bg
245 0 _aPoluprovodnikovye pribory v technike elektrosvjazi. Vyp.13 /
_cpod red. I.F. Nikolaevskogo.
260 _aMoskva,
_c1974.
040 _cBPK
041 _apol
942 _cKS
008 s pl f |000 0 pol
999 _c26575
_d26575
856 _uhttp://koha.tu.koszalin.pl/cgi-bin/koha/opac-detail.pl?biblionumber=26575
_yKatalog online BPK